Lösung von ganzzahligen linearen Optimierungsproblemen Anwendung des Programmpaketes Disko - 2

Gespeichert in:
Bibliographische Detailangaben
Format: Buch
Sprache:Deutsch
Veröffentlicht: Berlin Wirtschaft 1983
Schriftenreihe:Informationsverarbeitung
Tags: Tag hinzufügen
Keine Tags, Fügen Sie das erste Tag hinzu!

MARC

LEADER 00000nam a2200000 4500
001 c114700
005 20250701071011.4
041 0 |a ger 
044 |a DE 
245 1 0 |a Lösung von ganzzahligen linearen Optimierungsproblemen  |b Anwendung des Programmpaketes Disko - 2  |c Hellmut Baer, Sigrid Schwetlick, Gottfried Wildenhain 
264 1 |a Berlin  |b Wirtschaft  |c 1983 
300 |a 172 s. 
490 1 |a Informationsverarbeitung 
830 0 |a Informationsverarbeitung